Countries that end in A - Statistics

General Stats
  • This quiz has been taken 36 times
    12 since last reset
  • The average score is 51 of 73
Answer Stats
Hint Answer % Correct
o Australia
90%
n Canada
90%
a China
90%
a Indonesia
90%
n Jamaica
90%
n Panama
90%
e Albania
80%
f Algeria
80%
e Andorra
80%
s Argentina
80%
a Armenia
80%
e Bosnia and Herzegovina
80%
e Bulgaria
80%
a Cambodia
80%
s Colombia
80%
n Costa Rica
80%
n Cuba
80%
a India
80%
e Latvia
80%
e Lithuania
80%
a Malaysia
80%
a Mongolia
80%
a North Korea
80%
o Papua New Guinea
80%
e Russia
80%
o Samoa
80%
f South Africa
80%
a South Korea
80%
f Angola
70%
n Antigua and Barbuda
70%
e Austria
70%
s Bolivia
70%
e Croatia
70%
n Dominica
70%
e Estonia
70%
f Ethiopia
70%
a Georgia
70%
n Guatemala
70%
f Kenya
70%
f Libya
70%
n Nicaragua
70%
e North Macedonia
70%
e Romania
70%
a Saudi Arabia
70%
f Somalia
70%
a Syria
70%
f Tanzania
70%
o Tonga
70%
f Tunisia
70%
s Venezuela
70%
f Zambia
70%
f Gambia
60%
f Ghana
60%
n Grenada
60%
f Guinea
60%
s Guyana
60%
f Liberia
60%
f Mauritania
60%
e Moldova
60%
f Namibia
60%
n Saint Lucia
60%
e Serbia
60%
e Slovakia
60%
f Uganda
60%
f Eritrea
50%
o Federated States of Micronesia
50%
e Malta
50%
f Nigeria
50%
f Rwanda
50%
e Slovenia
50%
f Botswana
40%
f Equatorial Guinea
40%
a Sri Lanka
30%
No matching quizzes found
Score Distribution
Percent of People with Each Score
Percentile by Number Answered
Your Score History
You have not taken this quiz since the last reset